Tramas : Subjetividad y Procesos Sociales : número 11, junio de 1997 : ¿Sociedad de locos... o locura social? /
Tramas: Subjetividad y Procesos Sociales, revista de psicología de la Universidad Autónoma Metropolitana, Unidad Xochimilco (UAM-X), enfocada –como apunta su título- en el estudio de las udimbres sociales que conforman las subjetividades. El número 11 (junio 1997) tiene como subtítulo específico ¿So...
Gorde:
| Beste egile batzuk: | , |
|---|---|
| Formatua: | Liburua |
| Hizkuntza: | gaztelania |
| Argitaratua: |
México :
UAM Xochimilco, División de Ciencias Sociales y Humanidades, Departamento de Educación y Comunicación,
1997, c1997
|
| Saila: | (Tramas: Subjetividad y Procesos Sociales ;
11) |
| Gaiak: | |
| Etiketak: |
Etiketarik gabe, Izan zaitez lehena erregistro honi etiketa jartzen!
|
MARC
| LEADER | 00000nam^a2200000^a^4500 | ||
|---|---|---|---|
| 001 | 000630266 | ||
| 005 | 20260410000000.0 | ||
| 009 | 20260410195519.105 | ||
| 022 | |a 0188-9373 | ||
| 037 | |a Acervo ITESO - Biblioteca | ||
| 041 | |a ESP | ||
| 082 | |a 150. 5 |b TRA V. 11 | ||
| 240 | 1 | 0 | |a [Tramas: Subjetividad y Procesos Sociales] |
| 245 | 0 | 0 | |a Tramas : |b Subjetividad y Procesos Sociales : número 11, junio de 1997 : ¿Sociedad de locos... o locura social? / |c Coord. editorial de M.E. Ruiz Velasco, L. Fernández Rivas. |
| 264 | 4 | |a México : |b UAM Xochimilco, División de Ciencias Sociales y Humanidades, Departamento de Educación y Comunicación, |c 1997, c1997 | |
| 300 | |a 333 p., [4 láminas] | ||
| 336 | |a texto |b txt |2 rdacontenido | ||
| 337 | |a sin mediación |b n |2 rdamedio | ||
| 338 | |a volumen |b nc |2 rdasoporte | ||
| 440 | 1 | |a (Tramas: Subjetividad y Procesos Sociales ; |v 11) | |
| 520 | |a Tramas: Subjetividad y Procesos Sociales, revista de psicología de la Universidad Autónoma Metropolitana, Unidad Xochimilco (UAM-X), enfocada –como apunta su título- en el estudio de las udimbres sociales que conforman las subjetividades. El número 11 (junio 1997) tiene como subtítulo específico ¿Sociedad de locos... o locura social? y está formado por las siguientes secciones y colaboraciones: I) Editorial: 1) ¿Sociedad de locos... o locura social, por María Eugenia Ruiz Velasco y Lidia Fernández Rival, coordinadoras editoriales de este número. II) Temática: 2) La locura y las relaciones de poder, por Alejandro Araujo Pardo; 3) Vicisitudes del transitar de la alienación al logos: niñez y locura en la aldea global, por Celia Delgado; 4) Del manicomio a los programas de rehabilitación y soporte social en Leganés, Madrid, por Manuel Desviat Muñoz y Ana González Rodríguez; 5) Ciento trece puñaladas... ¡y se pusieron a contarlas!, por Leda Doat y Silvia Emmer; 6) Schreber: introspección, negación, delirio, por Raymundo Mier; 7) Salud, razón y cultura: la Ilustración: José Ventura y el desorden moral, por Marcela Suárez y 8) Nuevos sujetos: ¿nuevas enfermedades?, por Carlos Rodríguez Ajenjo; III) Convergencias: 9) Discurso de jóvenes exiliados y retornados, por María Isabel Castillo e Isabel Piper; 10) En torno al niño, por Walter Capelli, Gisela Clivaggio, Analía García Cabriada, Silvana Mudir, María Inés Oyarbide y Evelina Simonotto; 11) Etica y lazo social, por Silvia Emmer y Virginia Schejter, y 12) El reino de lo siniestro y la máquina social de la locura, por Raúl Villamil Uriarte. | ||
| 520 | |a IV) Documentos: 13) Psicoanálisis y nazismo, por Doris Hajer; 14) El estatuto teórico clínico del grupo: de la psicología social al psicoanálisis, por René Kaës, y 15) Acerca de los Encuentros de La Habana, por Enrique Guinsberg; V) Libros: 16) "El delito de ser mujer", de Elena Azaola, comentarios por Gabriel Araujo; 17) "Las instituciones íntimas", de Raúl Villamil Uriarte, por Tomás Cortés Solís; 18) Fromm: el profeta analista, comentario de Guillermo Delahanty Matuk sobre "A Prophetic Analyst: Erich Fromm's Contributions to Psychoanalysis", editado por Mauricio Cortina y Michael Maccoby; 19) "Voces e historias sobre el aborto", de Martha Rivas y Ana Amuchástegui, por Lidia Fernández Rivas; 20) "Intervención grupal e investigación", de Margarita Baz, por Martha Rivas, y 21) "Extraviada: del parricidio al delirio", de Raquel Capurro, por Jeannette Gorn Kacman; VI) Algo más: 22) Sinai, poema de Jeannette Gorn Kacman; 23-25) Albahaca y pan, La ruta y La fiesta, poemas de Sonia Viano Fregni. VII) Sumarios de las colaboraciones de las secciones Temática y Convergencias. | ||
| 567 | |a Catalogación rápida | ||
| 649 | |a XX | ||
| 650 | |a Subjetividad (Psicología) - |x Aspectos Sociales y Culturales - |x Publicaciones Periódicas | ||
| 650 | |a Psicología - |x Publicaciones Periódicas - |x Tema Principal | ||
| 650 | |a Publicaciones Periódicas Mexicanas | ||
| 650 | |a Publicaciones Periódicas | ||
| 700 | |a Ruiz Velasco, María Eugenia |e (coordinación editorial) | ||
| 700 | |a Fernández Rivas, Lidia |e (coordinación editorial) | ||
| 740 | 0 | |a ¿Sociedad de locos... o locura social? / |c Coord. editorial de M.E. Ruiz Velasco, L. Fernández Rivas. | |
| 910 | |a Fondo Castillo-Martínez | ||
| 920 | |a Impresos - Libros | ||
| 930 | |a Fondos Especiales | ||
| 940 | |a Jesuitas | ||
| 905 | |a 127 | ||
| 901 | |a 630266-10 |b IT2 |c ESP |i D125441 |u 20260410 | ||
| 902 | |a https://opac.biblio.iteso.mx/vufind/Record/000630266 | ||